| 000 | 00739nam a2200193 i 4500 | ||
|---|---|---|---|
| 001 | 151403 | ||
| 003 | ES-MaACL | ||
| 005 | 20230906204010.0 | ||
| 008 | 931025s1897 sp |||| | spa d | ||
| 100 | 1 |
_aAlcocer, Antonio Onofre. _9125593 |
|
| 245 | 1 | 3 |
_aLa propiedad minera ante la ley civil / _cpor Antonio Onofre Alcocer. |
| 260 |
_aCartagena : _b[s.n.], _c1897 ( _fImp. de José Requena) |
||
| 300 |
_a511 p. ; _c22 cm. |
||
| 500 | _aIncluye apéndice con el Reglamento de policía minera. | ||
| 530 | _aDisponible en formato digital. | ||
| 650 | 4 |
_aPropiedad minera- _zEspaña. _9149137 |
|
| 852 |
_aES-MaACL _jF-10453 _z-- Enc. hol. |
||
| 856 |
_uhttp://bdh-rd.bne.es/viewer.vm?id=0000012183&page=1 _zBiblioteca Digital Hispánica |
||
| 999 |
_c151403 _d151403 |
||